00165nam a2200061Ia 4500008004100000100002200041245004000063120527s9999 xx 000 0 und d aBerenson & Levine aBusiness statistics: A first course